000 00821nam a2200193 a 4500
001 BRCA_8916
005 20190320210446.0
008 220617s1845----mx-#######---#000-0#spa-#
041 _aspa
044 _amx
084 _aCO89
_b.E93 1845
245 1 0 _aExcelencias del Instituto de la Congregacioìn del Oratorio de San Felipe Neri
_bobra postuma de un sacerdote del oratorio de Savillano en el Piamonte: dirigida, no solo al provecho de los individuos de dicho instituto, sino también de todo género de personas, así religiosas, como eclesiásticas y seculares.
260 _aMéxico
_bLuis Abadiano y Valdes
_c1845
300 _aIV, XXXIV, 512 p.
_c21.5 x 15 cm
500 _aEstado físico: presenta encuadernación en piel
600 1 4 _aNeri, Filippo
_cSanto
_d1515-1595
_922174
902 _aCFM
942 _2lcc
_cB
999 _c8567
_d8567